La arquitectura naval española (en madera) : (Record no. 19319)

MARC details
000 -LEADER
campo de control de longitud fija 01184nam a2200265 i 4500
001 - NÚMERO DE CONTROL
campo de control 19319
003 - IDENTIFICADOR DE NÚMERO DE CONTROL
campo de control ES-MaACL
005 - FECHA Y HORA DE LA ÚLTIMA TRANSACCIÓN
campo de control 20240428063028.0
007 - CAMPO FIJO DE DESCRIPCIÓN FÍSICA--INFORMACIÓN GENERAL
campo de control de longitud fija t|
008 - DATOS DE LONGITUD FIJA--INFORMACIÓN GENERAL
campo de control de longitud fija 020710s1920 sp f |||| | spa d
080 ## - NÚMERO DE LA CLASIFICACIÓN DECIMAL UNIVERSAL
Número de la Clasificación Decimal Universal 629.5.01(460)(091)
100 1# - ENTRADA PRINCIPAL--NOMBRE DE PERSONA
Nombre de persona Artiñano y Galdácano, Gervasio de,
9 (RLIN) 23486
Fechas asociadas al nombre 1873-1938
Término indicativo de función/relación Autor
245 13 - MENCIÓN DEL TÍTULO
Título La arquitectura naval española (en madera) :
Resto del título bosquejo de sus condiciones y rasgos de su evolución /
Mención de responsabilidad, etc. por Gervasio de Artiñano y de Galdácano.
260 ## - PUBLICACIÓN, DISTRIBUCIÓN, ETC.
Lugar de publicación, distribución, etc. Madrid :
Nombre del editor, distribuidor, etc. [s.n.],
Fecha de publicación, distribución, etc. 1920
Lugar de fabricación/manufactura (Barcelona :
Fabricante Oliva de Vilanova)
300 ## - DESCRIPCIÓN FÍSICA
Extensión 427 páginas, 70 hojas, 70 láminas, 4 hojas ;
Dimensiones 32 cm.
500 ## - NOTA GENERAL
Nota general Conferencias organizadas por el Instituto de Ingenieros Civiles de España en el Ateneo de Madrid, mayo de 1914
530 ## - NOTA DISPONIBLE DE FORMULARIO FÍSICO ADICIONAL
Nota de formato físico adicional disponible Disponible en formato digital
610 24 - PUNTO DE ACCESO ADICIONAL DE MATERIA--NOMBRE DE ENTIDAD CORPORATIVA
Nombre de entidad corporativa o nombre de jurisdicción como elemento de entrada Ateneo de Madrid-
Subdivisión de forma Conferencias-
Subdivisión cronológica 1900-1939
9 (RLIN) 1907
650 ## - PUNTO DE ACCESO ADICIONAL DE MATERIA--TÉRMINO DE MATERIA
Término de materia o nombre geográfico como elemento de entrada Arquitectura naval-
Subdivisión geográfica España.
9 (RLIN) 10039
852 ## - LOCALIZACIÓN
Ubicación ES-MaACL
Ubicación en estantería Depósito 2
Número de control de estantería G-1952
856 ## - LOCALIZACIÓN Y ACCESO ELECTRÓNICOS
Identificador Uniforme de Recursos <a href="http://bdh-rd.bne.es/viewer.vm?id=0000165122&page=1 ">http://bdh-rd.bne.es/viewer.vm?id=0000165122&page=1 </a>
Texto de enlace Versión en línea
Nota pública (Biblioteca Digital Hispánica)
942 ## - ELEMENTOS DE ENTRADA SECUNDARIOS (KOHA)
Fuente del sistema de clasificación o colocación Clasificación decimal universal
Tipo de ítem Koha Libro impreso
Suprimir en OPAC No
Holdings
Estatus retirado Estado de pérdida Fuente del sistema de clasificación o colocación Estado de daño No para préstamo Colección Biblioteca de origen Biblioteca actual Ubicación en estantería Fecha de adquisición Total de préstamos Signatura topográfica completa Código de barras Visto por última vez Tipo de ítem Koha
    Clasificación decimal universal     Colección digital Biblioteca del Ateneo de Madrid Biblioteca del Ateneo de Madrid Depósito 2 17/01/2008   G-1952 1019767 23/02/2023 Libro impreso